000 00630cab a2200217 4500
001 WB2319-24
008 090401t1987 xxu||||| |||| 00| 0 eng d
035 _a(Sirsi) u1137
041 _aeng
245 _aRent control report
260 _c1987
350 _a0
490 _aTimes
_v11/5/87 p2
520 _aAn IEA report, The housing morass, claims that rent control and other housing market restrictions increases unemployment and prevents worker mobility.
650 _aCOUNCIL HOUSING
650 _aHOUSING
650 _aLABOUR MOBILITY
690 _aPROPERTY-LANDLORD AND TENANT
942 _n0
948 _c04/03/1997
999 _c622
_d622